[Event "North American op 19th"]
[Site "Las Vegas"]
[Date "2009.12.28"]
[Round "4"]
[White "Anderson, Renard"]
[Black "Friedel, Joshua E"]
[Result "0-1"]
[WhiteElo "2213"]
[BlackElo "2551"]
[PlyCount "92"]
[EventDate "2009.12.26"]
[EventType "swiss"]
[EventRounds "7"]
[EventCountry "USA"]
[SourceTitle "CBM 134 Extra"]
[Source "ChessBase"]
[SourceDate "2010.03.03"]
[SourceVersion "1"]
[SourceVersionDate "2010.03.03"]
[SourceQuality "1"]

1. e4 e5 2. Nf3 Nc6 3. Bb5 a6 4. Ba4 Nf6 5. 0-0 Be7 6. Re1 b5 7. Bb3 d6 8. c3 0-0 9. h3 Na5 10. Bc2 c5 11. d4 Nd7 12. a4 b4 13. cxb4 cxb4 14. b3 exd4 15. Nxd4 Bf6 16. Bb2 Qb6 17. Ra2 Nc5 18. Nf5 Bxb2 19. Ne7+ Kh8 20. Nd5 Qd8 21. Rxb2 Be6 22. Nd2 Bxd5 23. exd5 Qf6 24. Rb1 g6 25. Nf3 Rfc8 26. Qd2 Ncb7 27. Re3 Rc5 28. Be4 Rc3 29. Rxc3 bxc3 30. Qd4 Qxd4 31. Nxd4 Re8 32. Bf3 Nc5 33. b4 Ncb3 34. Nc2 Nd2 35. Re1 Rxe1+ 36. Nxe1 Nxf3+ 37. gxf3 Nc4 38. a5 Kg7 39. Kf1 Kf6 40. f4 Kf5 41. Ke2 Kxf4 42. Kd3 Na3 43. Kxc3 Ke4 44. Nc2 Nxc2 45. b5 Nd4 46. bxa6 Nb5+ 0-1

[Event "North American op 19th"]
[Site "Las Vegas"]
[Date "2009.12.27"]
[Round "3"]
[White "Milman, Lev"]
[Black "Anderson, Renard"]
[Result "1/2-1/2"]
[WhiteElo "2474"]
[BlackElo "2213"]
[PlyCount "100"]
[EventDate "2009.12.26"]
[EventType "swiss"]
[EventRounds "7"]
[EventCountry "USA"]
[SourceTitle "CBM 134 Extra"]
[Source "ChessBase"]
[SourceDate "2010.03.03"]
[SourceVersion "1"]
[SourceVersionDate "2010.03.03"]
[SourceQuality "1"]

1. e4 c5 2. Nf3 d6 3. d4 cxd4 4. Nxd4 Nf6 5. Nc3 a6 6. Be3 e5 7. Nb3 Be6 8. f3 Qc7 9. Qd2 Be7 10. 0-0-0 0-0 11. g4 Rc8 12. g5 Nh5 13. Kb1 Nd7 14. Qf2 Bf8 15. h4 b5 16. Bh3 Rcb8 17. Bg4 g6 18. Bxh5 gxh5 19. f4 b4 20. Nd5 Bxd5 21. exd5 a5 22. f5 Rc8 23. Rhg1 a4 24. Nc1 Qc4 25. Qe2 Qxe2 26. Nxe2 Rc4 27. Ng3 Rac8 28. Nxh5 Rxh4 29. Rh1 Rcc4 30. b3 Rce4 31. Rxh4 Rxh4 32. Nf6+ Nxf6 33. gxf6 a3 34. c4 bxc3 35. Rg1+ Kh8 36. Rc1 h5 37. Rxc3 Rh3 38. Rc8 Rxe3 39. Rxf8+ Kh7 40. Rxf7+ Kg8 41. Rg7+ Kf8 42. Rd7 Re1+ 43. Kc2 Re2+ 44. Kc3 Rxa2 45. Rxd6 Kf7 46. Kb4 Ra1 47. Rd8 a2 48. Ka3 Kxf6 49. d6 Kxf5 50. d7 Rd1 1/2-1/2

[Event "Foxwoods op 09th"]
[Site "Connecticut"]
[Date "2007.04.08"]
[Round "8"]
[White "Anderson, Renard"]
[Black "Robson, Ray"]
[Result "0-1"]
[WhiteElo "2270"]
[BlackElo "2249"]
[PlyCount "90"]
[EventDate "2007.04.04"]
[EventType "swiss"]
[EventRounds "9"]
[EventCountry "USA"]
[SourceTitle "CBM 117 Extra"]
[Source "ChessBase"]
[SourceDate "2007.05.09"]
[SourceVersion "1"]
[SourceVersionDate "2007.05.09"]
[SourceQuality "1"]

1. e4 c5 2. Nf3 d6 3. d4 cxd4 4. Nxd4 Nf6 5. Nc3 e6 6. Be2 Be7 7. 0-0 0-0 8. f4 Nc6 9. Kh1 a6 10. a4 Qc7 11. Nb3 b6 12. Bf3 Bb7 13. g4 d5 14. e5 Nxg4 15. Bxg4 d4 16. Ne4 Nxe5 17. fxe5 Bxe4+ 18. Kg1 Bxc2 19. Qf3 d3 20. Nd4 Qxe5 21. Nxc2 dxc2 22. Qf4 Qxf4 23. Bxf4 Bc5+ 24. Kg2 Bd4 25. Ra2 Rac8 26. Rc1 f5 27. Be2 e5 28. Bd2 e4 29. Bxa6 Rc6 30. b3 Rg6+ 31. Kh1 f4 32. Raxc2 f3 33. Bc4+ Kh8 34. Bc3 Be3 35. Bd2 Bc5 36. b4 Bf2 37. Rf1 e3 38. Bxe3 Bxe3 39. Bd3 Rg5 40. Be4 f2 41. Bg2 h6 42. Rc4 Bd2 43. Rd4 Be1 44. Re4 Rf6 45. Rfxe1 Rfg6 0-1

[Event "Stillwater Winter op"]
[Site "Stillwater"]
[Date "2007.02.18"]
[Round "5"]
[White "Coleman, Maxx W"]
[Black "Anderson, Renard"]
[Result "0-1"]
[WhiteElo "2204"]
[BlackElo "2270"]
[PlyCount "126"]
[EventDate "2007.02.17"]
[EventType "swiss"]
[EventRounds "7"]
[EventCountry "USA"]
[SourceTitle "CBM 116 Extra"]
[Source "ChessBase"]
[SourceDate "2007.03.07"]
[SourceVersion "1"]
[SourceVersionDate "2007.03.07"]
[SourceQuality "1"]

1. e4 c5 2. Nf3 d6 3. d4 cxd4 4. Nxd4 Nf6 5. Nc3 a6 6. Be2 e5 7. Nb3 Be7 8. 0-0 0-0 9. f4 b5 10. a4 Bb7 11. Bf3 Nbd7 12. Qe1 Qc7 13. fxe5 dxe5 14. Qg3 Kh8 15. Nd5 Nxd5 16. exd5 f5 17. d6 Bxd6 18. Bxb7 Qxb7 19. axb5 Qxb5 20. Rd1 Qc6 21. Qd3 Rf6 22. Na5 Qc7 23. Qd5 Rb8 24. Nc4 Nb6 25. Nxb6 Qxb6+ 26. Kh1 e4 27. Rf1 Qb5 28. Qxb5 axb5 29. g3 Be5 30. c3 h6 31. Ra5 Bc7 32. Ra7 Bb6 33. Re7 Rbf8 34. Re5 b4 35. cxb4 Rd8 36. b3 Bd4 37. Rexf5 Rxf5 38. Rxf5 Rc8 39. Bf4 e3 40. Kg2 Re8 41. Rd5 Bc3 42. Bxe3 Rxe3 43. b5 Re2+ 44. Kh3 Rb2 45. Kg4 Rxb3 46. Rc5 Kh7 47. Kf5 Bd4 48. Rd5 Bg1 49. h4 Rxg3 50. Ke6 Rb3 51. h5 Re3+ 52. Kd7 Rg3 53. Kc6 Rg5 54. Rd1 Rc5+ 55. Kd6 Rxb5 56. Rxg1 Rxh5 57. Ke6 Rh2 58. Kf7 Rf2+ 59. Ke6 h5 60. Ke5 Kh6 61. Ke4 g6 62. Ke3 Rf6 63. Ra1 h4 0-1

[Event "Western States op"]
[Site "Reno"]
[Date "2006.10.08"]
[Round "5"]
[White "Anderson, Renard"]
[Black "MacKenzie, Dana N"]
[Result "0-1"]
[WhiteElo "2237"]
[BlackElo "2114"]
[PlyCount "96"]
[EventDate "2006.10.07"]
[EventType "swiss"]
[EventRounds "6"]
[EventCountry "USA"]
[SourceTitle "EXT 2009"]
[Source "ChessBase"]
[SourceDate "2008.11.26"]
[SourceVersion "1"]
[SourceVersionDate "2008.11.26"]
[SourceQuality "1"]

1. e4 e5 2. Nf3 Nc6 3. Bb5 Nd4 4. Nxd4 exd4 5. 0-0 g6 6. d3 Bg7 7. Nd2 Ne7 8. Nf3 c6 9. Bc4 d5 10. Bb3 0-0 11. h3 h6 12. Bf4 Be6 13. Be5 c5 14. Bxg7 Kxg7 15. exd5 Nxd5 16. Nd2 Qd7 17. Ne4 Rac8 18. Qf3 f5 19. Nd2 Rce8 20. Rfe1 Bg8 21. a4 Nb4 22. Rxe8 Rxe8 23. Bxg8 Kxg8 24. Qd1 Qe6 25. Kf1 g5 26. Rc1 Nd5 27. Nc4 b6 28. Qf3 Kg7 29. Kg1 Re7 30. g3 Kg6 31. Nd2 h5 32. Qg2 g4 33. h4 Nb4 34. Qa8 Nc6 35. Nc4 Kg7 36. Kf1 Qd5 37. Kg1 Qd7 38. Kf1 Re8 39. Qxe8 Qxe8 40. Re1 Qd7 41. Kg1 Nb4 42. Re2 Qxa4 43. b3 Qa1+ 44. Kg2 f4 45. gxf4 Nd5 46. Re4 Qd1 47. Nd6 Qf3+ 48. Kg1 Nxf4 0-1

[Event "World op 34th"]
[Site "Philadelphia"]
[Date "2006.07.03"]
[Round "6"]
[White "Anderson, Renard"]
[Black "Adamson, Robby"]
[Result "1/2-1/2"]
[WhiteElo "2261"]
[BlackElo "2354"]
[PlyCount "76"]
[EventDate "2006.06.28"]
[EventType "swiss"]
[EventRounds "9"]
[EventCountry "USA"]
[SourceTitle "CBM 112 Extra"]
[Source "ChessBase"]
[SourceDate "2006.07.14"]
[SourceVersion "1"]
[SourceVersionDate "2006.07.14"]
[SourceQuality "1"]

1. e4 d5 2. exd5 Qxd5 3. Nc3 Qa5 4. d4 c6 5. Bc4 Bf5 6. Nf3 Nf6 7. Bd2 e6 8. Qe2 Bb4 9. 0-0-0 Nbd7 10. a3 Bxc3 11. Bxc3 Qc7 12. Ne5 b5 13. Bb3 a5 14. f3 Nxe5 15. dxe5 Nd7 16. Rhe1 0-0 17. g4 Bg6 18. h4 h6 19. h5 Bh7 20. Bd2 Rae8 21. Bxa5 Qxa5 22. Rxd7 c5 23. Qd2 b4 24. Re3 Rd8 25. Rd6 Rxd6 26. exd6 Rd8 27. Bc4 Qb6 28. d7 Qc6 29. axb4 Rxd7 30. b5 Qb7 31. Qa5 Qb8 32. b6 Rb7 33. Rb3 Qf4+ 34. Qd2 Qb8 35. Kb1 Rxb6 36. Rxb6 Qxb6 37. Qd7 Qb8 38. Qc6 Qd8 1/2-1/2

[Event "World op 34th"]
[Site "Philadelphia"]
[Date "2006.07.03"]
[Round "7"]
[White "Meenakshi, Subbaraman"]
[Black "Anderson, Renard"]
[Result "1-0"]
[WhiteElo "2282"]
[BlackElo "2261"]
[PlyCount "117"]
[EventDate "2006.06.28"]
[EventType "swiss"]
[EventRounds "9"]
[EventCountry "USA"]
[SourceTitle "CBM 112 Extra"]
[Source "ChessBase"]
[SourceDate "2006.07.14"]
[SourceVersion "1"]
[SourceVersionDate "2006.07.14"]
[SourceQuality "1"]

1. d4 Nf6 2. c4 c5 3. d5 b5 4. cxb5 a6 5. b6 d6 6. Nc3 g6 7. Nf3 Nbd7 8. a4 a5 9. e4 Bg7 10. Bb5 0-0 11. 0-0 Bb7 12. Bg5 Nxb6 13. Qe2 h6 14. Bh4 Qc8 15. Rad1 Nbd7 16. Rfe1 g5 17. Bg3 Nh5 18. Nd2 Nxg3 19. hxg3 Ne5 20. f4 gxf4 21. gxf4 Ng4 22. Nf3 c4 23. Nd4 h5 24. Qxc4 Qd8 25. Rd2 Bxd4+ 26. Qxd4 e5 27. Qd3 exf4 28. Rf1 Ne5 29. Qh3 Bc8 30. Qh2 Ng6 31. Rxf4 Nxf4 32. Qxf4 Bg4 33. Bc6 Rc8 34. Nb5 f5 35. Qxd6 Qxd6 36. Nxd6 fxe4 37. Nxc8 Rxc8 38. Kf2 Bf5 39. Ke3 Rd8 40. d6 Kf7 41. Bxe4 Be6 42. Bc6 Kf6 43. g3 Bg4 44. d7 Ke7 45. Rd5 Rb8 46. Rxa5 Rb3+ 47. Kf4 Bxd7 48. Ra7 Kd6 49. Bxd7 Rxb2 50. Be8 Rb4+ 51. Kf3 h4 52. g4 Rb3+ 53. Kf4 h3 54. Rh7 Rb4+ 55. Kf3 Rb8 56. Bb5 Rf8+ 57. Ke4 Rg8 58. Rh6+ Kc5 59. Kf4 1-0

[Event "Foxwoods op 08th"]
[Site "Ledyard"]
[Date "2006.04.13"]
[Round "2"]
[White "Airapetian, Chouchanik"]
[Black "Anderson, Renard"]
[Result "0-1"]
[WhiteElo "2130"]
[BlackElo "2261"]
[PlyCount "75"]
[EventDate "2006.04.12"]
[EventType "swiss"]
[EventRounds "9"]
[EventCountry "USA"]
[SourceTitle "CBM 111 Extra"]
[Source "ChessBase"]
[SourceDate "2006.05.09"]
[SourceVersion "1"]
[SourceVersionDate "2006.05.09"]
[SourceQuality "1"]

1. e4 c5 2. Nf3 d6 3. d4 cxd4 4. Nxd4 Nf6 5. Nc3 a6 6. Bg5 e6 7. f4 Qc7 8. Qf3 b5 9. 0-0-0 b4 10. e5 Bb7 11. Qh3 dxe5 12. Nxe6 fxe6 13. Qxe6+ Qe7 14. Qb6 bxc3 15. fxe5 cxb2+ 16. Qxb2 Qa3 17. exf6 Qxb2+ 18. Kxb2 Kf7 19. Be2 gxf6 20. Rhf1 Be7 21. Bh4 Bc6 22. g4 Kg7 23. Rde1 Ra7 24. Bc4 Rf8 25. Re6 Bb5 26. Bxb5 axb5 27. Bg3 Na6 28. Rf5 Ba3+ 29. Kb1 Rd7 30. c3 Nc7 31. Rc6 Nd5 32. Rf3 Re8 33. Kc2 Re2+ 34. Kb3 Bc1 35. Rf2 Re4 36. Rc2 Bf4 37. Bh4 Be5 38. c4 0-1

[Event "World op 32nd"]
[Site "Philadelphia"]
[Date "2004.07.06"]
[Round "9"]
[White "Anderson, Renard"]
[Black "Ginsburg, Mark"]
[Result "0-1"]
[WhiteElo "2254"]
[BlackElo "2364"]
[PlyCount "147"]
[EventDate "2004.07.01"]
[EventType "swiss"]
[EventRounds "9"]
[EventCountry "USA"]
[SourceTitle "CBM 101 Extra"]
[Source "ChessBase"]
[SourceDate "2004.09.01"]
[SourceVersion "2"]
[SourceVersionDate "2004.09.01"]
[SourceQuality "1"]

1. e4 c5 2. Nf3 e6 3. Nc3 a6 4. d4 cxd4 5. Nxd4 Qc7 6. Bd3 b5 7. 0-0 Bb7 8. a3 Nf6 9. Qe2 Be7 10. Kh1 d6 11. f4 Nbd7 12. Bd2 Rd8 13. Rae1 Nc5 14. b4 Nxd3 15. cxd3 0-0 16. Rc1 Qd7 17. Nb3 Rc8 18. Be3 Rfd8 19. Bb6 Re8 20. Bd4 Qd8 21. Qf2 Bf8 22. Qg3 Nd7 23. Be3 g6 24. e5 Bg7 25. d4 Nb6 26. exd6 Qxd6 27. Nc5 Ba8 28. Rcd1 Red8 29. N3e4 Qd5 30. Ng5 Nc4 31. Bc1 Nd6 32. Qh3 h6 33. Nf3 a5 34. Ne5 Nf5 35. Rfe1 axb4 36. axb4 Qa2 37. Rd2 Qb1 38. Rb2 Qa1 39. Rc2 Qxd4 40. Bd2 Qd5 41. Bc3 Qd6 42. Rd2 Qe7 43. Red1 Rxd2 44. Rxd2 Bd5 45. Ng4 Rxc5 46. bxc5 Qxc5 47. Ne5 b4 48. Bb2 Bxe5 49. fxe5 Ne3 50. Qh4 b3 51. Qd8+ Qf8 52. Qxf8+ Kxf8 53. Kg1 Kg7 54. h3 g5 55. Rd3 Nf5 56. Kf2 h5 57. Rc3 h4 58. Rc8 Ng3 59. Ba3 Kg6 60. Bb2 Nh5 61. Rg8+ Kf5 62. Rf8 Ke4 63. Rxf7 Nf4 64. Ba3 Nd3+ 65. Ke2 Nxe5 66. Rg7 Nc4 67. Bc1 Kd4 68. Rxg5 Kc3 69. Ke1 e5 70. Rg4 Kd3 71. Rxh4 Bxg2 72. Rxc4 Kxc4 73. Ke2 Bxh3 74. Bb2 0-1

[Event "American op 39th"]
[Site "Los Angeles"]
[Date "2003.11.30"]
[Round "8"]
[White "Majigsuren, Dovdon"]
[Black "Anderson, Renard"]
[Result "0-1"]
[WhiteElo "2135"]
[BlackElo "2271"]
[PlyCount "86"]
[EventDate "2003.11.27"]
[EventType "swiss"]
[EventRounds "8"]
[EventCountry "USA"]
[SourceTitle "CBM 097 Extra"]
[Source "ChessBase"]
[SourceDate "2004.01.13"]
[SourceVersion "1"]
[SourceVersionDate "2004.01.13"]
[SourceQuality "1"]

1. e4 c5 2. Nf3 d6 3. d4 cxd4 4. Nxd4 Nf6 5. Nc3 a6 6. Bg5 e6 7. f4 Qb6 8. Qd2 Qxb2 9. Rb1 Qa3 10. Be2 Nbd7 11. 0-0 Be7 12. f5 e5 13. Nb3 Qb4 14. Qe3 Bd8 15. Qf3 Qb6+ 16. Kh1 Qc7 17. Bd2 b6 18. Qg3 Kf8 19. Rbe1 Bb7 20. Bf3 h6 21. Re2 Rc8 22. Nc1 b5 23. Nd3 Nb6 24. Nb4 Qc4 25. Nbd5 Nfxd5 26. exd5 Qh4 27. Ne4 Qxg3 28. hxg3 Be7 29. Bb4 Nc4 30. f6 gxf6 31. Bg4 Rd8 32. Nxf6 Bxf6 33. Rxf6 Ke7 34. Ref2 Bxd5 35. Bh5 Rdf8 36. Be2 Be6 37. Bxc4 bxc4 38. R6f3 Rb8 39. a3 Rb5 40. Rd2 Rd8 41. Rf1 a5 42. Bc3 f6 43. Rfd1 d5 0-1

[Event "North American op 22nd"]
[Site "Oklahoma"]
[Date "2003.08.31"]
[Round "8"]
[White "Anderson, Renard"]
[Black "Kamberi, Sonny"]
[Result "0-1"]
[WhiteElo "2254"]
[BlackElo "2275"]
[PlyCount "60"]
[EventDate "2003.08.29"]
[EventType "swiss"]
[EventRounds "10"]
[EventCountry "USA"]
[SourceTitle "EXT 2004"]
[Source "ChessBase"]
[SourceDate "2003.11.25"]
[SourceVersion "1"]
[SourceVersionDate "2003.11.25"]
[SourceQuality "1"]

1. e4 e5 2. Nf3 Nc6 3. Bb5 Nf6 4. d3 Bc5 5. c3 0-0 6. 0-0 d6 7. Nbd2 a6 8. Ba4 Ba7 9. h3 Ne7 10. Re1 Ng6 11. Nf1 c6 12. Bc2 h6 13. d4 Re8 14. Ng3 Be6 15. Nf5 Bb8 16. dxe5 dxe5 17. Be3 Bc7 18. Qc1 Bxf5 19. exf5 Nf4 20. c4 Ba5 21. Bxf4 Bxe1 22. Be3 Bb4 23. c5 Qe7 24. Bxh6 e4 25. Bxg7 Kxg7 26. Qg5+ Kh8 27. a3 Nh7 28. Qh5 Qf6 29. axb4 exf3 30. Rd1 fxg2 0-1

[Event "Chicago op 12th"]
[Site "Chicago"]
[Date "2003.05.25"]
[Round "4"]
[White "Sammour Hasbun, Jorge E"]
[Black "Anderson, Renard"]
[Result "1-0"]
[WhiteElo "2441"]
[BlackElo "2254"]
[PlyCount "74"]
[EventDate "2003.05.23"]
[EventType "swiss"]
[EventRounds "7"]
[EventCountry "USA"]
[SourceTitle "CBM 094 Extra"]
[Source "ChessBase"]
[SourceDate "2003.07.09"]
[SourceVersion "2"]
[SourceVersionDate "2003.07.09"]
[SourceQuality "1"]

1. e4 c5 2. Nf3 d6 3. d4 cxd4 4. Nxd4 Nf6 5. Nc3 a6 6. Bg5 e6 7. f4 Qb6 8. Nb3 Be7 9. Qf3 Nbd7 10. 0-0-0 Qc7 11. Bd3 b5 12. Rhe1 Bb7 13. g4 b4 14. Ne2 h6 15. Bh4 g5 16. Bg3 gxf4 17. Bxf4 Ne5 18. Bxe5 dxe5 19. Kb1 Bc6 20. Ng3 Qb6 21. Nd2 Rg8 22. h3 a5 23. Nc4 Qc5 24. Qe3 Qxe3 25. Rxe3 Nd7 26. Rf3 Rg7 27. Be2 Bc5 28. Nh5 Rg5 29. Nd6+ Bxd6 30. Rxd6 Bxe4 31. Rxd7 Bxf3 32. Nf6+ Kf8 33. Bxf3 Rc8 34. Bb7 Rc4 35. Ba6 Rf4 36. Nh7+ Kg7 37. Nxg5 hxg5 1-0

[Event "Chicago op 12th"]
[Site "Chicago"]
[Date "2003.05.24"]
[Round "2"]
[White "Anderson, Renard"]
[Black "Strugatsky, Vladimir"]
[Result "1-0"]
[WhiteElo "2254"]
[BlackElo "2427"]
[PlyCount "95"]
[EventDate "2003.05.23"]
[EventType "swiss"]
[EventRounds "7"]
[EventCountry "USA"]
[SourceTitle "CBM 094 Extra"]
[Source "ChessBase"]
[SourceDate "2003.07.09"]
[SourceVersion "2"]
[SourceVersionDate "2003.07.09"]
[SourceQuality "1"]

1. e4 e6 2. d4 d5 3. e5 c5 4. c3 Nc6 5. Nf3 Qb6 6. a3 Nh6 7. Bd3 cxd4 8. cxd4 Bd7 9. Bc2 Nf5 10. Bxf5 exf5 11. Nc3 Be6 12. 0-0 h6 13. h4 Be7 14. Ne2 Kd7 15. h5 g5 16. hxg6 fxg6 17. Nf4 g5 18. Nxe6 Kxe6 19. Be3 Na5 20. b4 Nc4 21. Ne1 a5 22. Nd3 axb4 23. axb4 Rxa1 24. Qxa1 f4 25. Bxf4 gxf4 26. Nxf4+ Kd7 27. Qa4+ Qc6 28. b5 Qb6 29. Nxd5 Qxd4 30. Rd1 Qc5 31. Nb6+ Ke6 32. Nxc4 Rd8 33. Nd6 Bxd6 34. exd6 Rxd6 35. Qe4+ Qe5 36. Qg6+ Ke7 37. Qh7+ Kf8 38. Rc1 Re6 39. Qxb7 Re7 40. Qc6 Qf4 41. b6 Rf7 42. Qc5+ Kg7 43. Qc3+ Kh7 44. Qc2+ Kg7 45. Qb2+ Kh7 46. Rc8 Qd6 47. Qc2+ Kg7 48. Rc6 1-0

[Event "North American op"]
[Site "Las Vegas"]
[Date "2002.12.27"]
[Round "2"]
[White "Shamilov, Eduard"]
[Black "Anderson, Renard"]
[Result "0-1"]
[WhiteElo "2185"]
[BlackElo "2231"]
[PlyCount "70"]
[EventDate "2002.12.26"]
[EventType "swiss"]
[EventRounds "6"]
[EventCountry "USA"]
[SourceTitle "CBM 092 Extra"]
[Source "ChessBase"]
[SourceDate "2003.03.07"]
[SourceVersion "1"]
[SourceVersionDate "2003.03.07"]
[SourceQuality "1"]

1. e4 c5 2. Nf3 d6 3. d4 cxd4 4. Nxd4 Nf6 5. Nc3 a6 6. f3 e5 7. Nb3 Be6 8. Be3 Nbd7 9. Qd2 Be7 10. g4 0-0 11. 0-0-0 Qc7 12. h4 b5 13. Kb1 Nb6 14. Bxb6 Qxb6 15. Nd5 Bxd5 16. exd5 a5 17. h5 Nd7 18. g5 a4 19. Nc1 b4 20. Bh3 Nc5 21. g6 h6 22. gxf7+ Rxf7 23. Rhg1 Bg5 24. Rxg5 hxg5 25. Qxg5 Qd8 26. Qg3 Qf6 27. Qg6 Qxg6 28. hxg6 Rxf3 29. Be6+ Kf8 30. Bf7 Ke7 31. Nd3 Nxd3 32. cxd3 Rc8 33. Be6 Rc7 34. Bf7 Rf2 35. Be6 Rcc2 0-1

[Event "Foxwoods op 04th"]
[Site "Connecticut"]
[Date "2002.03.30"]
[Round "4"]
[White "Milman, Lev"]
[Black "Anderson, Renard"]
[Result "1-0"]
[WhiteElo "2199"]
[BlackElo "2263"]
[PlyCount "109"]
[EventDate "2002.03.28"]
[EventType "swiss"]
[EventRounds "7"]
[EventCountry "USA"]
[SourceTitle "CBM 087 Extra"]
[Source "ChessBase"]
[SourceDate "2002.05.03"]
[SourceVersion "2"]
[SourceVersionDate "2002.08.09"]
[SourceQuality "1"]

1. e4 c5 2. d4 cxd4 3. c3 dxc3 4. Nxc3 Nc6 5. Nf3 d6 6. Bc4 a6 7. 0-0 Nf6 8. Be3 e6 9. Qe2 Be7 10. Rfd1 Nd7 11. Rac1 Qa5 12. Nd4 Nxd4 13. Bxd4 0-0 14. Rd3 Bf6 15. Bxf6 Nxf6 16. Rxd6 Qe5 17. Rb6 Nd7 18. Rb4 b5 19. Bd3 Nc5 20. Bb1 a5 21. Rxb5 Ba6 22. Qe3 Bxb5 23. Nxb5 Rfc8 24. f4 Qxb2 25. Nd6 Rc6 26. e5 Nd3 27. Rf1 Rc2 28. Bxc2 Qxc2 29. Qg3 Rb8 30. h3 h6 31. f5 Rb1 32. Rxb1 Qxb1+ 33. Kh2 Qf1 34. Ne8 Qf4 35. Qxf4 Nxf4 36. fxe6 Nxe6 37. Nd6 Nc5 38. Kg3 g6 39. Kf3 Kf8 40. Ke3 Ke7 41. Nc4 Nb7 42. Kd4 Ke6 43. a4 h5 44. g3 g5 45. g4 h4 46. Nd2 Nd8 47. Nf3 Nc6+ 48. Ke4 f6 49. exf6 Kxf6 50. Kd5 Nd8 51. Kc5 Ne6+ 52. Kb5 Ke7 53. Kxa5 Kd7 54. Kb6 Kc8 55. Kc6 1-0

[Event "American op 37th"]
[Site "Los Angeles"]
[Date "2001.11.23"]
[Round "4"]
[White "Anderson, Renard"]
[Black "Rupel, David G"]
[Result "1-0"]
[WhiteElo "2268"]
[BlackElo "2118"]
[PlyCount "120"]
[EventDate "2001.11.22"]
[EventType "swiss"]
[EventRounds "8"]
[EventCountry "USA"]
[SourceTitle "CBM 085 Extra"]
[Source "ChessBase"]
[SourceDate "2002.01.21"]
[SourceVersion "1"]
[SourceVersionDate "2002.01.21"]
[SourceQuality "1"]

1. e4 c5 2. Nf3 g6 3. d4 cxd4 4. Qxd4 Nf6 5. Nc3 Nc6 6. Qa4 d6 7. e5 dxe5 8. Nxe5 Qd4 9. Nxc6 Qxa4 10. Nxa4 bxc6 11. Be3 Bg7 12. 0-0-0 0-0 13. f3 Nd5 14. Bd2 Rb8 15. c4 Nb6 16. Nc3 Be6 17. b3 a5 18. Bd3 a4 19. Kc2 axb3+ 20. axb3 Ra8 21. Ra1 Nd7 22. Rxa8 Rxa8 23. Na4 Ne5 24. Rc1 Bxc4 25. Bxc4 Nxc4 26. bxc4 Rxa4 27. Kb3 Ra8 28. Bc3 Rb8+ 29. Kc2 Ra8 30. Bxg7 Kxg7 31. Kb3 Rb8+ 32. Kc3 Kf6 33. Kd4 Ke6 34. Kc5 Kd7 35. Ra1 Rb2 36. Ra7+ Ke6 37. g3 Rxh2 38. Kxc6 Rc2 39. c5 Rc3 40. Ra4 f5 41. Ra6 Ke5 42. f4+ Ke4 43. Ra4+ Kf3 44. Kd5 e6+ 45. Kd4 Rb3 46. c6 Rb8 47. Ra3+ Kg4 48. Ke5 Rb5+ 49. Kxe6 Rc5 50. Kd6 Rc1 51. Rd3 h6 52. c7 g5 53. fxg5 hxg5 54. Rd5 Rxc7 55. Kxc7 f4 56. gxf4 Kxf4 57. Kd6 g4 58. Rd4+ Kf3 59. Ke5 g3 60. Rd3+ Kf2 1-0

[Event "American op 37th"]
[Site "Los Angeles"]
[Date "2001.11.23"]
[Round "3"]
[White "Anderson, Renard"]
[Black "Vucic, Mladen"]
[Result "0-1"]
[WhiteElo "2268"]
[BlackElo "2381"]
[PlyCount "100"]
[EventDate "2001.11.22"]
[EventType "swiss"]
[EventRounds "8"]
[EventCountry "USA"]
[SourceTitle "CBM 085 Extra"]
[Source "ChessBase"]
[SourceDate "2002.01.21"]
[SourceVersion "1"]
[SourceVersionDate "2002.01.21"]
[SourceQuality "1"]

1. e4 c5 2. Nf3 e6 3. Nc3 a6 4. d4 cxd4 5. Nxd4 Qc7 6. Bd3 Nc6 7. Be3 Nf6 8. 0-0 Bd6 9. Nxc6 dxc6 10. f4 e5 11. f5 Be7 12. a4 b6 13. Qf3 0-0 14. Bc4 Bb7 15. g4 b5 16. Ba2 b4 17. Nb1 c5 18. Nd2 Qc6 19. Bg5 Rad8 20. Rfe1 Rxd2 21. Bxd2 Nxe4 22. Be3 Qc7 23. Qf1 Nf6 24. h3 h6 25. Bc4 Qc6 26. Kh2 Nd5 27. Qg2 e4 28. Bxd5 Qxd5 29. b3 Bd6+ 30. Kg1 Be5 31. Rad1 Bd4 32. Kh1 Rd8 33. Rd2 Qe5 34. Red1 Kh7 35. Qh2 Qf6 36. Qf2 Bc6 37. Kg1 Qe5 38. Kf1 f6 39. Kg1 Re8 40. Bxd4 cxd4 41. Rxd4 e3 42. Qf4 e2 43. Re1 Qc5 44. Kh2 Qc3 45. Qf2 Re3 46. Rd3 Rxd3 47. cxd3 Qxd3 48. Rxe2 Qxb3 49. g5 hxg5 50. h4 g4 0-1

[Event "King's Island op 10th"]
[Site "King's Island"]
[Date "2001.11.10"]
[Round "2"]
[White "Lein, Anatoly"]
[Black "Anderson, Renard"]
[Result "1-0"]
[WhiteElo "2415"]
[BlackElo "2268"]
[PlyCount "73"]
[EventDate "2001.11.09"]
[EventType "swiss"]
[EventRounds "5"]
[EventCountry "USA"]
[SourceTitle "EXT 2002"]
[Source "ChessBase"]
[SourceDate "2001.11.25"]
[SourceVersion "1"]
[SourceVersionDate "2001.11.25"]
[SourceQuality "1"]

1. c4 Nf6 2. Nc3 g6 3. e4 d6 4. d4 Bg7 5. Be2 0-0 6. Nf3 e5 7. 0-0 c6 8. Re1 Na6 9. Bf1 exd4 10. Nxd4 Re8 11. Nb3 d5 12. cxd5 cxd5 13. Bg5 h6 14. Bxf6 Bxf6 15. Qxd5 Qb6 16. Qb5 Be6 17. e5 Bg7 18. Qxb6 axb6 19. Nd4 Nb4 20. a3 Nc6 21. Nxe6 Rxe6 22. f4 g5 23. Bc4 gxf4 24. Bxe6 fxe6 25. Re4 Nxe5 26. Rd1 f3 27. Rd6 Bf8 28. Rxe6 Nd3 29. Re8 Ra5 30. gxf3 Kf7 31. Rb8 Rg5+ 32. Kf1 Bc5 33. Rxb7+ Kf6 34. Rg4 Rf5 35. Ne4+ Ke5 36. Nxc5 bxc5 37. Re4+ 1-0

[Event "US Open-102"]
[Site "Framingham"]
[Date "2001.08.09"]
[Round "6"]
[White "Anderson, Renard"]
[Black "Lapshun, Yury"]
[Result "0-1"]
[WhiteElo "2268"]
[BlackElo "2413"]
[PlyCount "76"]
[EventDate "2001.08.04"]
[EventType "swiss"]
[EventRounds "9"]
[EventCountry "USA"]
[SourceTitle "CBM 083 Extra"]
[Source "ChessBase"]
[SourceDate "2001.09.11"]
[SourceVersion "1"]
[SourceVersionDate "2001.09.11"]
[SourceQuality "1"]

1. e4 c5 2. Nf3 d6 3. d4 cxd4 4. Nxd4 Nf6 5. Nc3 a6 6. Bc4 e6 7. Bb3 Nbd7 8. g4 Nc5 9. f3 Be7 10. g5 Nfd7 11. Rg1 Qc7 12. Be3 b5 13. Qd2 Nb6 14. 0-0-0 Bd7 15. Kb1 b4 16. Nce2 a5 17. a3 bxa3 18. bxa3 d5 19. Nc3 dxe4 20. Ndb5 Bxb5 21. Nxb5 Qc6 22. Nd6+ Bxd6 23. Qxd6 Qxd6 24. Rxd6 Nbd7 25. f4 Ke7 26. Rgd1 Rhc8 27. Ka1 Rab8 28. Bc4 Rc7 29. f5 Ne5 30. f6+ gxf6 31. gxf6+ Kxf6 32. Bd4 Kf5 33. Rf1+ Nf3 34. Be2 Kf4 35. Bf2 Nxh2 36. Rg1 Nf3 37. Bg3+ Kf5 38. Bxf3 exf3 0-1